| 000 | 00732nas a2200253 4500 | ||
|---|---|---|---|
| 001 | BR7704641 | ||
| 003 | BR-BrBNA | ||
| 005 | 20231205083234.0 | ||
| 007 | ta | ||
| 008 | 230509b bl.|||p| |||| 00| 00por d | ||
| 040 |
_aBR-BrBNA _bpor _cBiblioteca Nacional de Agricultura |
||
| 041 | _a(Pt) | ||
| 072 | _aL30; E15 | ||
| 100 | 1 | _aAnon. | |
| 245 | 1 | _aEstrela d'africa antecipa idade de abate [bovino, graminea, Brasil] | |
| 650 | _aBOVINO | ||
| 650 | _aCAPIM ESTRELA DA AFRICA | ||
| 650 | _aGRAMINEA FORRAGEIRA | ||
| 650 | _aPRODUCAO VEGETAL | ||
| 650 | _aABATE | ||
| 773 | 0 |
_tGranja (Brazil) _xISSN 0367-505X _g(Aug 1977), v. 33(355) p. 23-26 _wBR7704641 |
|
| 909 |
_a202311 _bLúcia _c55 _dLúcia Elande |
||
| 942 |
_2AGRIS _n0 _cANA |
||
| 999 |
_c97390 _d97390 |
||